Vision for A New India Urbanisation, Growth & Development: (Record no. 188364)

MARC details
000 -LEADER
fixed length control field 00650nam a22001817a 4500
005 - DATE AND TIME OF LATEST TRANSACTION
control field 20220519155039.0
010 ## - LCCN (DPL NO)
LC control number ENG-132695
020 ## - INTERNATIONAL STANDARD BOOK NUMBER
International Standard Book Number 978-81-929658-0-2
Terms of availability 375.00
035 ## - SYSTEM CONTROL NUMBER
System control number EN-116227
037 ## - SOURCE OF ACQUISITION
Source of stock number/acquisition DBAD/PUB
082 ## - DEWEY DECIMAL CLASSIFICATION NUMBER
Classification number 958.1
100 ## - MAIN ENTRY--PERSONAL NAME
Personal name Bhattacharjee, K.P.
245 ## - TITLE STATEMENT
Title Vision for A New India Urbanisation, Growth & Development:
Remainder of title Role of Land, Infrastructure and Good Governance/
Statement of responsibility, etc K.P. BHattacharjee
260 ## - PUBLICATION, DISTRIBUTION, ETC. (IMPRINT)
Place of publication, distribution, etc Kolkata
Name of publisher, distributor, etc Eco-Habitat Publisher
Date of publication, distribution, etc 2014
270 ## - ADDRESS
Address P-753A,New Alipore
City Kolkata
Postal code 53
Electronic mail address Param_mitra@yahoo.com
300 ## - PHYSICAL DESCRIPTION
Extent 182p.
Dimensions 22cm(pbk)
942 ## - ADDED ENTRY ELEMENTS (KOHA)
Source of classification or shelving scheme Dewey Decimal Classification
Item type English Books
Classification part 001
Call number suffix BHA
Holdings
Withdrawn status Lost status Not for loan Collection code Home library Current library Date acquired Source of acquisition Cost, normal purchase price Full call number Barcode Copy number Cost, replacement price Koha item type
      Non-fiction Ashok Vihar Ashok Vihar 19/05/2022 DBAD/PUB 375.00 001 BHA EN-116227 1 375.00 English Books

© Delhi Public Library
Hit Counter
free hit counter